Geografia na literę D - Statystyki

Ogólne statystyki
  • Ten quiz został rozwiązany 139 razy
  • Średni wynik to 9 z 20
Statystyki odpowiedzi
Wskazówka Odpowiedź % Poprawnych
Stolica Irlandii Dublin
99%
Niemiecka nazwa dla Niemiec Deutschland
77%
Państwo, do którego należy Bornholm Dania
75%
Największe miasto w Indiach Delhi
75%
Rzeka, która przepływa m.in. przez Wiedeń oraz Budapeszt Dunaj
75%
Miasto, w którym znajduje się najwyższy budynek świata Dubaj
74%
Niemieckie, zbombardowane przez Aliantów miasto w 1945r. Drezno
55%
Miasto narodzin amerykańskiego przemysłu motoryzacyjnego Detroit
49%
Stolica Dżibuti Dżibuti
47%
Pierwszy stan USA Delaware
42%
Nazwa rosyjskiego parlamentu Duma
41%
"Miasto na Wysokości Mili" Denver
36%
Polski park narodowy Drawieński
36%
Angielskie miasto znane z białych, kredowych klifów Dover
32%
Góra niegdyś znana jako McKinley Denali
31%
Równina o charakterze bagiennym, która powstała wskutek osadzania się materiału u ujścia rzeki Delta
25%
Trzecie największe miasto RPA Durban
14%
Stolica Bali Denpasar
13%
Hinduistyczne święto światła Diwali
10%
Morze u wybrzeży Antarktydy, na brzegach którego znajduje się rosyjska stacja polarna Mirnyj Morze {Davisa}
3%
Nie znaleziono quizów pasujących do podanych kryteriów
Rozkład punktacji
Procent ludzi z każdym wynikiem
Percentyl według liczby udzielonych odpowiedzi
Twoja historia wyników
Nie rozwiązałeś tego quizu